| 000 | 00338nam a22001337a 4500 | ||
|---|---|---|---|
| 008 | 170315b xxu||||| |||| 00| 0 eng d | ||
| 020 | _a0815162413 | ||
| 041 | _aeng | ||
| 080 | _a611 | ||
| 100 | _a7 | ||
| 101 | _aSHM | ||
| 245 |
_aTHE ANESTHETIC PLAN: FROM PHYSIOLOGIC PRINCIPLES TO CLINICAL STRATEGIES _cMURAVCHICK, S |
||
| 942 |
_2udc _cBK |
||
| 999 |
_c7898 _d7898 |
||